00782nam a2200205 a 4500008004100000020001500041050001500056100002700071245005400098250001200152260003500164300001900199350000900218650001400227700002600241700003100267995010300298999001700401952015800418081209s1998 ||||||||||||||||| || u a0582302498 aTA 545 Ban aBannister, A. (Arthur)10aSurveying.cA. Bannister, S. Raymond and R. Baker a7th ed. aHarlow, EnglandbPearsonc1998 ax, 502p.: ill. a0.00 0aSURVEYING aRaymond, S. (Stanley) aBaker, R. (Raymond), 1956- D0.00FCBU-MAIN LIBRARY (Kitwe)H1I0.00M1UOUTWJan 29, 2009ZMain Library Open Access Collection c59185d59185 00102lcc4070a001b001cMain Library Open Access Collectiond2022-11-30l8m1oTA 545 Banp739124q2025-08-22r2025-06-20s2025-06-20w2022-11-30y002